Super-Diverse Countries Quiz Stats

 Plays Quiz Updated Jan 16, 2019

Challenge
Share
Tweet
Embed
Score 0/17 Timer 04:00
13 Plays Today
Country % Correct
United States
95.9%
Russia
92.1%
China
91.2%
Canada
88.9%
Argentina
84.8%
Chile
83.2%
India
75.6%
Mexico
74.2%
Peru
69.3%
Country % Correct
Colombia
57.3%
Bolivia
54.7%
Venezuela
52.6%
Ecuador
51.5%
Iran
41.6%
Turkey
39.3%
Spain
37.9%
Azerbaijan
10.3%

You're not logged in!

Compare scores with friends on all Sporcle quizzes.
OR
Log In

You Might Also Like...

Show Comments

Extras

Top Quizzes Today


Score Distribution

Your Account Isn't Verified!

In order to create a playlist on Sporcle, you need to verify the email address you used during registration. Go to your Sporcle Settings to finish the process.

Report this User

Report this user for behavior that violates our Community Guidelines.

Details: